Computer Integrated Manufacturing Current Status and Challenges

Uložené v:
Podrobná bibliografia
Ďalší autori: Turksen, Burhan I.
Médium: Kniha
Jazyk:English
Vydavateľské údaje: Berlin Springer 1988
Vydanie:1. ed.
Tagy: Pridať tag
Žiadne tagy, Buďte prvý, kto otaguje tento záznam!

MARC

LEADER 00000nam a2200000 4500
001 c040397
005 20221219115604.4
041 0 |a eng 
044 |a US 
245 1 0 |a Computer Integrated Manufacturing  |b Current Status and Challenges  |c Edit. Burhan I. Turksen 
250 |a 1. ed. 
264 1 |a Berlin  |b Springer  |c 1988 
300 |a 568 s. 
700 1 |a Turksen, Burhan I.